00502nam a2200157 a 450000100100000000500170001000800410002704000250006808200150009310000190010824500630012726000720019030000220026249000300028483000300031400003134620200930062851.0110620s1925 dr 000 0 spa d aDO-SdBNPbspacBNPHU axxxxbO81g1 aOscar, Armando13aLa góndola azul :bfantasia en 2 actos /cArmando Oscar. aSan pedro de Macoris, República Dominicana :bLa Nación,c1925. a[72 p.] ;c16 cm.1 aBiblioteca del paladión 0aBiblioteca del paladión